000 00837nam a2200217 a 4500
003 0
005 20250310092903.0
008 080730s19uu xx 00 eng d
050 _aPGS LB 1032
_b.H995 2008
100 _aHye, Ko Eun.
245 _aPerceptions on the benefits of classroom groupings /
_cKo Eun Hye.
260 _aLas Piñas City, Philippines :
_bSouthville International School and Colleges,
_c2008.
300 _a22 pages :
_billustrations ;
_c28 cm.
504 _aIncludes bibliographical references.
650 _aGroup work in education.
650 _aAbility grouping in education.
650 _aCooperative learning — Student attitudes.
650 _aEducational psychology — Classroom environment.
650 _aMiddle school students — Perceptions of learning strategies.
942 _2lcc
_cPASS
999 _c98011
_d98011